| 000 | 00459nam a2200157Ia 4500 | ||
|---|---|---|---|
| 003 | GCL | ||
| 008 | 140319s9999 xx 000 0 ara d | ||
| 040 |
_aGCL / _cGCL |
||
| 082 | 0 | 4 |
_aد _b050 |
| 100 | 1 | _aمحمد صلاح الدهان | |
| 245 | 1 | 0 |
_aالناصر صلاح الدين الايوبى (اقرا207) / _cمحمد صلاح الدهان |
| 300 | _a151 | ||
| 490 |
_aاقرأ _v0 |
||
| 650 | 0 | 4 | _aصلاح الدين الايوبى |
| 942 |
_2ddc _cBK |
||
| 999 |
_c48866 _d48866 |
||